000 00256nam a2200109Ia 4500
008 190216s9999||||xx |||||||||||||| ||und||
100 _aBatra S K
245 0 _aHow To Write Effective English
260 _bA Career Digest
650 _aEnglish
942 _cBK
999 _c12927
_d12927